Loading...
| Science - Physics | 6 | 5 | 1 | 1 | 135 | 15 | 67.82 | 9 | 11 |
| Science - Other Science | 3 | 4 | 0 | 2 | 85 | 31 | 73.14 | 3 | 7 |
| Science - Chemistry | 4 | 3 | 1 | 3 | 85 | 54 | 87.00 | 4 | 7 |
| History - World History | 1 | 4 | 0 | 1 | 55 | 48 | 95.20 | 4 | 5 |
| Philosophy | 0 | 5 | 1 | 2 | 45 | 67 | 94.80 | 2 | 5 |
| Fine Arts - Other Arts | 0 | 4 | 1 | 2 | 35 | 98 | 121.00 | 3 | 4 |
| Beliefs | 1 | 2 | 2 | 1 | 25 | 79 | 116.33 | 2 | 3 |
| Current Events | 0 | 2 | 0 | 1 | 20 | 94 | 108.00 | 1 | 2 |
| Other Academic | 1 | 0 | 0 | 0 | 15 | 24 | 24.00 | 0 | 1 |
| Literature - World Literature | 1 | 0 | 0 | 0 | 15 | 19 | 19.00 | 1 | 1 |
| Science - Biology | 0 | 3 | 3 | 1 | 15 | 103 | 116.33 | 1 | 3 |
| Social Science | 0 | 2 | 1 | 2 | 15 | 118 | 120.50 | 0 | 2 |
| Geography | 0 | 1 | 1 | 0 | 5 | 68 | 68.00 | 1 | 1 |
| History - European History | 0 | 1 | 2 | 1 | 0 | 118 | 118.00 | 0 | 1 |
| History - Ancient History | 0 | 0 | 2 | 0 | -10 | 0.00 | 0 | 0 | |
| Visual Arts | 0 | 0 | 2 | 0 | -10 | 0.00 | 0 | 0 |